00489nam a2200157Ia 45000010006000000050017000060080041000230410008000640820018000721000034000902450154001242600009002783000028002876500008003156540008003231137520260306162823.0260306t2024||||xx |||||||||||||| ||spa|| aESP a985.04bCH562 aChocano Mena, Magdalena,eAUT 0aInterpretaciones de la independencia del Perú hacia el primer centenario :bde mediados del siglo XIX a inicios del siglo XX: antología de textos c2024 a289 páginas :c20 cm. aGEN aCHU